Normal view
MARC view
Entry Topical Term
001 - CONTROL NUMBER
- control field: 190704
003 - CONTROL NUMBER IDENTIFIER
- control field:
005 - DATE AND TIME OF LATEST TRANSACTION
- control field: 20210601194802.0
008 - FIXED-LENGTH DATA ELEMENTS
- fixed length control field: 210601|| aca||aabn | a|a d
040 ## - CATALOGING SOURCE
- Original cataloging agency:
- Transcribing agency:
150 ## - HEADING--TOPICAL TERM
- Topical term or geographic name entry element: Infants
- General subdivision: Growth
- General subdivision: Pictorial works
670 ## - SOURCE DATA FOUND
- Source citation: Work cat.: (): Phatak, Pramila, Dr 190701, A pictorial monograph of motor and mental development of Indian babies from 1 to 30 months :, 1977
